Online
Catalog

Ceramica propiciatoria indigena. / (Record no. 32530)

MARC details
000 -CABECERA
campo de control de longitud fija 00668nam a2200169 a 4500
001 - NÚMERO DE CONTROL
campo de control 000033039
005 - FECHA Y HORA DE LA ÚLTIMA TRANSACCIÓN
campo de control 20200930070005.0
008 - DATOS DE LONGITUD FIJA--INFORMACIÓN GENERAL
campo de control de longitud fija 110808s1967 dr 000 0 spa d
040 ## - FUENTE DE LA CATALOGACIÓN
Centro catalogador/agencia de origen DO-SdBNP
Lengua de catalogación spa
Centro/agencia transcriptor BNPHU
082 ## - NÚMERO DE LA CLASIFICACIÓN DECIMAL DEWEY
Número de clasificación xxxx
Número de documento/Ítem E82c
100 1# - ENTRADA PRINCIPAL--NOMBRE DE PERSONA
Nombre de persona Estrada Torres, Aristides
9 (RLIN) 23023
245 10 - MENCIÓN DE TÍTULO
Título Ceramica propiciatoria indigena. /
Mención de responsabilidad, etc. Aristides Estrada Torres.
260 ## - PUBLICACIÓN, DISTRIBUCIÓN, ETC.
Lugar de publicación, distribución, etc. Santo Domingo :
Nombre del editor, distribuidor, etc. Instituto de Investigaciones Antropológicas, Facultad de Humanidades, Universidad Autónoma de Santo Domingo,
Fecha de publicación, distribución, etc. 1967.
300 ## - DESCRIPCIÓN FÍSICA
Extensión 16 p. ;
Dimensiones 22 cm.
490 1# - MENCIÓN DE SERIE
Mención de serie Instituto de Investigaciones Antropológicas
Designación de volumen o secuencia 1
830 #0 - PUNTO DE ACCESO ADICIONAL DE SERIE-TÍTULO UNIFORME
Título uniforme Instituto de Investigaciones Antropológicas
Designación de volumen o secuencia 1
9 (RLIN) 58740
Holdings
Estado de retiro Estado de pérdida No para préstamo Código de colección Localización permanente Ubicación/localización actual Ubicación en estantería Fecha de adquisición Número de inventario Total de préstamos Signatura topográfica completa Código de barras Fecha visto por última vez Precio válido a partir de Tipo de ítem Koha Nota pública
    Excluido de préstamo Patrimonio Dominicano Patrimonio Dominicano Patrimonio Dominicano Depósito 08.08.2011 LF1   xxxx E82c 33039-10 25.06.2020 25.06.2020 Libro y Folleto Colección Patrimonio Dominicano Perteneció a la bibliteca personal de Aída Cartagena Portalatín.
      Patrimonio Dominicano Patrimonio Dominicano Patrimonio Dominicano Orden iniciada 08.08.2011 LF1   xxxx E82c 33040-10 25.06.2020 25.06.2020 Libro y Folleto Colección Patrimonio Dominicano  

Powered by Koha